[Event "Attica-ch U12 Girls"]
[Site "Athens"]
[Date "2014.04.14"]
[Round "5.2"]
[White "Skiadopoulou, Afroditi Lelouda"]
[Black "Hrysogelou, Athanasia Panagiota"]
[Result "0-1"]
[WhiteElo "1061"]
[BlackElo "1489"]
[PlyCount "90"]
[EventDate "2014.04.11"]
[EventType "swiss"]
[EventRounds "7"]
[EventCountry "GRE"]
[SourceTitle "EXT 2024"]
[Source "ChessBase"]
[SourceDate "2023.10.10"]
[SourceVersion "1"]
[SourceVersionDate "2023.10.10"]
[SourceQuality "1"]

1. e4 c5 2. Nf3 d6 3. Nc3 Nf6 4. a3 a6 5. Be2 e6 6. 0-0 Be7 7. d3 0-0 8. Be3 Nc6 9. Kh1 Qc7 10. Ng1 Kh8 11. f4 d5 12. e5 Nd7 13. Bd2 b5 14. Qe1 Bb7 15. Nh3 Nd4 16. Bd1 Nf5 17. Bg4 Nd4 18. Bd1 h6 19. Qg3 Nf5 20. Qg4 Nb6 21. Ne2 c4 22. Ng3 Nxg3+ 23. Qxg3 cxd3 24. cxd3 Nd7 25. Rc1 Qd8 26. f5 exf5 27. Rxf5 Rc8 28. Bc3 d4 29. Rf3 Bxf3 30. Bxf3 dxc3 31. bxc3 Bh4 32. Qf4 Nc5 33. Rd1 Ne6 34. Qg4 Rxc3 35. Be4 Be7 36. Qf5 g6 37. Qf3 Ng5 38. Nxg5 Bxg5 39. Qg3 Bh4 40. Qe3 Qg5 41. Qe2 Qh5 42. Qxh5 gxh5 43. Rf1 Rxa3 44. Rf3 Ra1+ 45. Rf1 Rxf1# 0-1